000 00353 a2200169 4500
001 182079
020 _a85-08-04049-0
040 _cMagnum
100 _aDimenstein, Gilberto
240 1 0 _aMeninas da noite
_lpor
245 1 0 _aMeninas da noite
300 _a161
362 0 _a1997
440 1 _aÁtica
697 _aLITERATURA GERAL
942 _cBK
999 _c182079
_d182079